Detalles MARC
| 000 -LEADER |
| fixed length control field |
00880nam a2200229 a 4500 |
| 001 - CONTROL NUMBER |
| control field |
000044153 |
| 003 - CONTROL NUMBER IDENTIFIER |
| control field |
DO-SdBNP |
| 005 - DATE AND TIME OF LATEST TRANSACTION |
| control field |
20150213141545.0 |
| 007 - PHYSICAL DESCRIPTION FIXED FIELD--GENERAL INFORMATION |
| fixed length control field |
000044153 |
| 008 - FIXED-LENGTH DATA ELEMENTS--GENERAL INFORMATION |
| fixed length control field |
140602s2004 dr a 000 0 spa d |
| 040 ## - CATALOGING SOURCE |
| Original cataloging agency |
BPMET |
| Language of cataloging |
spa |
| Transcribing agency |
BPMET |
| 041 17 - LANGUAGE CODE |
| Language code of text/sound track or separate title |
spa |
| Language code of original |
eng |
| 245 00 - TITLE STATEMENT |
| Title |
Interculturalidad iguales en dignidad construyamos la comunidad = |
| Remainder of title |
Entékiltiralite egal nan diyite, nap konstwi kominote ya ; cuaderno de actividades para niños y niñas = keye aktivite pou tifi ak ti gason /. |
| 246 13 - VARYING FORM OF TITLE |
| Title proper/short title |
Entékiltiralite egal nan diyite, nap konstwi kominote ya |
| 260 ## - PUBLICATION, DISTRIBUTION, ETC. (IMPRINT) |
| Place of publication, distribution, etc. |
Santo Domingo : |
| Name of publisher, distributor, etc. |
Centro Bonó, |
| Date of publication, distribution, etc. |
19. |
| 300 ## - PHYSICAL DESCRIPTION |
| Extent |
35 p. ; |
| Dimensions |
27 cm. |
| 930 #1 - EQUIVALENCE OR CROSS-REFERENCE-UNIFORM TITLE HEADING [LOCAL, CANADA] |
| Language of a work |
BND01 |
| Medium of performance for music |
LF1 |
| Field link and sequence number |
20140602 |
| Date of a work |
01 |
| Name of part/section of a work |
CT |
| Miscellaneous information |
45017 |
| 930 #1 - EQUIVALENCE OR CROSS-REFERENCE-UNIFORM TITLE HEADING [LOCAL, CANADA] |
| Language of a work |
BND01 |
| Medium of performance for music |
LF1 |
| Field link and sequence number |
20140602 |
| Date of a work |
01 |
| Name of part/section of a work |
CT |
| Miscellaneous information |
45017 |
| Medium |
e. 2 |
| 942 ## - ADDED ENTRY ELEMENTS (KOHA) |
| Source of classification or shelving scheme |
Dewey Decimal Classification |
| Koha item type |
Libros |
| 956 ## - LOCAL ELECTRONIC LOCATION AND ACCESS (OCLC) |
| Host name |
DGARCIA |
| Access number |
10 |
| Compression information |
20140602 |
| Logon |
BND01 |
| Processor of request |
1113 |
| 956 ## - LOCAL ELECTRONIC LOCATION AND ACCESS (OCLC) |
| Host name |
VMATEO |
| Access number |
10 |
| Compression information |
20140602 |
| Logon |
BND01 |
| Processor of request |
1314 |